Keys to infinity
Gespeichert in:
| 1. Verfasser: | |
|---|---|
| Format: | Buch |
| Sprache: | Englisch |
| Veröffentlicht: |
Nueva York
John Wiley
1995
|
| Schlagworte: | |
| Tags: |
Tag hinzufügen
Keine Tags, Fügen Sie den ersten Tag hinzu!
|
MARC
| LEADER | 00000nam a2200000 a 4500 | ||
|---|---|---|---|
| 001 | UCL6946 | ||
| 003 | CL-VaPUC | ||
| 008 | 040423e19950000US |||||||||||||||||eng|d | ||
| 020 | |a 0471118575 | ||
| 082 | 0 | 4 | |a 793.74 |b PIC |2 21 |
| 100 | 0 | |a Pickover, Clifford A |e author |9 484605 | |
| 245 | 1 | 0 | |a Keys to infinity |
| 300 | |a 332 p | ||
| 942 | |c BK | ||
| 945 | |d 20040423 00:00:00 |a cmena | ||
| 260 | |a Nueva York |b John Wiley |c 1995 | ||
| 650 | 7 | |a JUEGOS MATEMATICOS |2 CL-VaPUC |9 484606 | |
| 650 | 7 | |a MATEMATICAS RECREATIVAS |2 CL-VaPUC |9 269273 | |
| 650 | 0 | |a Infinito |9 312136 | |
| 583 | |a last modification |c 20040423 00:00:00 |k Rodrigo Vera | ||
| 999 | |c 308822 |d 308820 | ||
| 952 | |0 0 |1 0 |4 0 |6 793_740000000000000_PIC_1995 |7 0 |8 A |9 375701 |a BIBMAT |b BIBMAT |d 2019-11-21 |i 4007956 |o 793.74 PIC 1995 |p 4007956 |r 2025-01-07 |w 2019-11-21 |y BK |k MAT | ||